Loading...
History - European History | 1 | 4 | 0 | 1 | 55 | 39 | 82.40 | 1 | 4 |
Literature - British Literature | 1 | 4 | 0 | 1 | 55 | 15 | 100.80 | 1 | 2 |
Beliefs | 0 | 5 | 1 | 1 | 45 | 104 | 123.20 | 0 | 4 |
Visual Arts | 2 | 1 | 0 | 1 | 40 | 41 | 85.00 | 1 | 3 |
Fine Arts - Other Arts | 1 | 2 | 0 | 1 | 35 | 37 | 109.00 | 0 | 2 |
Literature - European Literature | 0 | 3 | 0 | 0 | 30 | 82 | 119.33 | 0 | 2 |
Auditory Arts | 1 | 2 | 1 | 0 | 30 | 74 | 88.00 | 2 | 3 |
Other Academic | 2 | 0 | 0 | 0 | 30 | 20 | 45.00 | 1 | 2 |
History - American History | 0 | 3 | 0 | 0 | 30 | 100 | 107.00 | 1 | 3 |
Science - Other Science | 1 | 1 | 0 | 0 | 25 | 73 | 94.00 | 1 | 2 |
Science - Chemistry | 1 | 1 | 0 | 0 | 25 | 30 | 69.50 | 1 | 2 |
Literature - World Literature | 0 | 2 | 0 | 0 | 20 | 129 | 134.00 | 0 | 1 |
Literature - American Literature | 0 | 2 | 0 | 1 | 20 | 142 | 148.00 | 0 | 0 |
Science - Biology | 0 | 3 | 2 | 0 | 20 | 86 | 100.00 | 0 | 3 |
Philosophy | 0 | 2 | 1 | 0 | 15 | 109 | 116.00 | 0 | 1 |
History - Other History | 0 | 1 | 0 | 0 | 10 | 130 | 130.00 | 0 | 0 |
History - Ancient History | 0 | 1 | 0 | 0 | 10 | 126 | 126.00 | 0 | 0 |
History - World History | 0 | 1 | 0 | 0 | 10 | 114 | 114.00 | 0 | 1 |
Social Science | 0 | 1 | 0 | 0 | 10 | 105 | 105.00 | 0 | 1 |